|
|
|
|
| LEADER |
01121pam a2200265 a 4500 |
| 001 |
4679261 |
| 003 |
GR-PaULI |
| 005 |
20240515110844.0 |
| 008 |
811019s1981 nyuaf g b 001 0 eng d |
| 010 |
|
|
|a 81013352
|
| 020 |
|
|
|a 0677163703
|
| 020 |
|
|
|z 0677163705
|
| 040 |
|
|
|a DLC
|c DLC
|d DLC
|d GR-PaULI
|b gre
|e AACR2
|
| 082 |
0 |
0 |
|a 305.409 01
|2 23
|
| 245 |
0 |
0 |
|a Reflections of women in antiquity /
|c [compiled by] Helene P. Foley.
|
| 260 |
|
|
|a New York :
|b Gordon and Breach Science Publishers,
|c c1981.
|
| 300 |
|
|
|a xvii, 420 σ., [11] σ. με εικ. :
|b εικ. ;
|c 24 εκ.
|
| 504 |
|
|
|a Περιλαμβάνει βιβλιογραφία και ευρετήριο.
|
| 600 |
0 |
4 |
|a Σαπφώ,
|9 6286
|d π. 630-π. 570
|
| 650 |
|
4 |
|a Γυναίκες
|x Ιστορία
|y Μέχρι το 500.
|9 203504
|
| 650 |
|
4 |
|a Γυναίκες στη λογοτεχνία
|9 184870
|
| 700 |
1 |
|
|a Foley, Helene P.,
|d 1942-
|
| 942 |
|
|
|2 ddc
|c BK15
|
| 952 |
|
|
|0 0
|1 0
|2 ddc
|4 0
|6 305_409000000000000_01_FOL
|7 0
|9 245318
|a LISP
|b LISP
|c BSC
|d 2020-12-01
|i 149931
|l 0
|o 305.409 01 FOL
|p 025000276955
|r 2020-12-01 00:00:00
|t 1
|w 2020-12-01
|y BK15
|
| 999 |
|
|
|c 148094
|d 148094
|